Fundamentals Of Dta Structures In C (Record no. 38329)

MARC details
000 -LEADER
fixed length control field 00514nam a2200193Ia 4500
008 - FIXED-LENGTH DATA ELEMENTS--GENERAL INFORMATION
fixed length control field 220531s9999 xx 000 0 und d
041 ## - LANGUAGE CODE
Language code of text/sound track or separate title eng
082 ## - DEWEY DECIMAL CLASSIFICATION NUMBER
Classification number -
Item number HOR
100 ## - MAIN ENTRY--PERSONAL NAME
Personal name Horowitz, E. And Others
9 (RLIN) 68195
245 ## - TITLE STATEMENT
Title Fundamentals Of Dta Structures In C
250 ## - EDITION STATEMENT
Edition statement 2ND
260 ## - PUBLICATION, DISTRIBUTION, ETC. (IMPRINT)
Place of publication, distribution, etc. Hyderabad
Name of publisher, distributor, etc. Universities Press
Date of publication, distribution, etc. 2014
300 ## - PHYSICAL DESCRIPTION
Extent 617
542 ## - INFORMATION RELATING TO COPYRIGHT STATUS
Copyright holder 27-12-2014
551 ## -
-- Computer Science
-- Ugc-CS
650 ## - SUBJECT ADDED ENTRY--TOPICAL TERM
Topical term or geographic name as entry element Data Structures
9 (RLIN) 68196
906 ## - LOCAL DATA ELEMENT F, LDF (RLIN)
d 2014-2015
f 3805
Holdings
Withdrawn status Lost status Source of classification or shelving scheme Damaged status Not for loan Collection code Home library Current library Date acquired Vendor Cost, normal purchase price Total Checkouts Total Holds Full call number Barcode Date last seen Bill Date Koha item type Original Barcode
    Dewey Decimal Classification       Shri Siddhivinayak Mahila Mahavidyalaya Shri Siddhivinayak Mahila Mahavidyalaya 27/12/2014 Systems Sales 395.00   1 -/HOR/B/19697 SSMM-BK-19697 06/08/2022 06/08/2022 Books 010019697